| 000 | 00704nas a2200229 4500 | ||
|---|---|---|---|
| 001 | BR8306526 | ||
| 003 | BR-BrBNA | ||
| 005 | 20231205085733.0 | ||
| 007 | ta | ||
| 008 | 230509b bl.|||p| |||| 00| 00por d | ||
| 040 |
_aBR-BrBNA _bpor _cBiblioteca Nacional de Agricultura |
||
| 041 | _a(Pt) | ||
| 072 | _aF70 | ||
| 100 | 1 | _aMiranda, G.O. | |
| 245 | 1 | _aPoaia, ipeca, ipecacuanha [planta medicinal] | |
| 650 | _aPLANTA MEDICINAL | ||
| 650 | _aIPECACUANHA | ||
| 650 | _aMATO GROSSO | ||
| 773 | 0 |
_tUniversidade. Revista da Universidade Federal de Mato Grosso (Brazil) _xISSN 0101-8671 _g(Sep-Dec 1983), v. 3(3) p. 54-60 _wBR8306526 |
|
| 909 |
_a202311 _bLúcia _c55 _dLúcia Elande |
||
| 942 |
_2AGRIS _n0 _cANA |
||
| 999 |
_c113457 _d113457 |
||